| 000 | 00519nam a2200157 a 4500 | ||
|---|---|---|---|
| 001 | 000045006 | ||
| 005 | 20201002045811.0 | ||
| 008 | 150128s1983 mx 000 0 spa d | ||
| 020 | _a9684092040 | ||
| 040 |
_aDO-SdBNP _bspa _cBNPHU |
||
| 100 | 1 |
_aCase, John _973017 |
|
| 240 | 1 | 0 |
_aUnderstanding inflation _lIngles |
| 245 | 1 | 0 |
_aComo entender la inflación. : _bporque pagamos mas, obtenemos menos y ue podemos hacer / _cJohn Case. |
| 260 |
_aMexico, : _bEditores asociados Mexicanos, _c1983. |
||
| 300 |
_a202 p. ; _c20 cm. |
||
| 999 |
_c44495 _d44495 |
||